Problemas y cuestiones sobre los concursos /
Guardado en:
| Formato: | Libro |
|---|---|
| Idioma: | Spanish |
| Publicado: |
Buenos Aires :
Ad - Hoc,
2006.
|
| Edición: | 1a. ed. |
| Materias: | |
| Etiquetas: |
Agregar Etiqueta
Sin Etiquetas, Sea el primero en etiquetar este registro!
|
| LEADER | 00839nam a22001815a 4500 | ||
|---|---|---|---|
| 001 | DER.der012959 | ||
| 008 | 180615s2006####ag#||||||||||||||#||spa|| | ||
| 005 | 20241031141133.0 | ||
| 245 | 1 | 0 | |a Problemas y cuestiones sobre los concursos / |c Daniel Roque Vitolo, Marta Pardini. |
| 250 | |a 1a. ed. | ||
| 260 | |a Buenos Aires : |b Ad - Hoc, |c 2006. | ||
| 300 | |a 236 p. | ||
| 501 | |a Acuerdo preventivo extrajudicial. Moralización de los procesos concursales. Las relaciones laborales en los concursos. El fideicomiso en el concurso y la quiebra. Continuación de la actividad de la empresa en la quiebra. Cooperativas de trabajo. Reforma de la Ley de Concursos y Quiebras. | ||
| 020 | |a 9508946024 | ||
| 100 | 1 | |a Vítolo, Daniel Roque., |e dir. | |
| 700 | 1 | |a Pardini, Marta, |e dir. | |
| 650 | 7 | |a DERECHO CONCURSAL | |
| 859 | |a DERECHO |b BIB. DERECHO |h 346.07 |i VIT |p 007796 | ||
